The historie of travell into Virginia Britania, 1612, By William Strachey, gent. Edited by Louis B. Wright and Virginia Freund

Tallennettuna:
Bibliografiset tiedot
Päätekijä: Strachey, William (Tekijä)
Aineistotyyppi: Kirja
Kieli:englanti
Julkaistu: Londres Hakluyt Society 1953
Painos:1a. ed
Sarja:Hakluyt Society, Secons series CIII
Aiheet:
Tagit: Lisää tagi
Ei tageja, Lisää ensimmäinen tagi!

MARC

LEADER 00000nam a2200000 a 4500
001 UCJ5636
003 CL-VaPUC
008 070124e19530000UK |||||||||||||||||eng|d
082 0 4 |a 910.4  |b STR  |2 21 
100 0 |a Strachey, William  |e author  |9 511071 
245 1 4 |a The historie of travell into Virginia Britania, 1612, By William Strachey, gent. Edited by Louis B. Wright and Virginia Freund 
250 |a 1a. ed 
300 |a xxxii, 221 p 
942 |c BK 
945 |d 20070124 00:00:00  |a rinostro 
260 |a Londres  |b Hakluyt Society  |c 1953 
500 |a Apostillado; mapas 
650 0 |a Viajes  |9 257115 
650 7 |a BIOGRAFIA  |2 CL-VaPUC  |9 504622 
650 0 |a Descubrimientos geográficos  |9 331933 
650 0 |a Aborígenes  |9 329972 
650 0 |a Cultura  |9 269059 
650 7 |a LENGUAS ABORIGENES  |2 CL-VaPUC  |9 445955 
650 7 |a GLOSARIO INDIGENA INGLES  |2 CL-VaPUC  |9 511024 
650 0 |a Mapas  |9 260844 
650 7 |a FACSIMILES  |2 CL-VaPUC  |9 460925 
651 7 |a ESTADOS UNIDOS DE AMERICA  |2 CL-VaPUC  |9 505454 
651 7 |a VIRGINIA  |2 CL-VaPUC  |9 368654 
583 |a last modification  |c 20070124 00:00:00  |k Rodrigo Vera 
490 0 |a Hakluyt Society, Secons series CIII 
999 |c 321745  |d 321743 
952 |0 0  |1 0  |4 0  |6 910_400000000000000_STR_1953  |7 0  |8 X  |9 400572  |a FDOBUD  |b FDOBUD  |d 2019-11-22  |i 1037439  |o 910.4 STR 1953  |p 1037439  |r 2019-11-22  |w 2019-11-22  |y BK_X  |k BUD